000 01121nam a22002777a 4500
001 BD-DhSAU 9278
003 BD-DhSAU
005 20260513103742.0
008 260513b2018 bg a|||| m||| 00| 0 eng d
040 _aBD-DhSAU
082 _222
_a616.96
_bJ575
100 _aRAHMAN, MD. JOBAIDUR
_eRegistration # 17-08018
245 _aNtibiotic resistance profiles of staphylococcus aureus isolated from dairy products in dhaka city /
_bMS thesis
260 _aSher-e-Bangla Agricultural University;
_bDepartment of Microbiology and parasitology ;
_c2024.
300 _ax, 76p. :
_bill. ;
_c30 cm.
500 _aMS thesis of Department of Microbiology and parasitology, ;, Faculty of ASVM. Sher-e-Balgla Agricultural University Dhaka-1207
504 _aIncludes bibliographical reference.
590 _aNazmul
650 _aNtibiotic resistance profiles
650 _astaphylococcus aureus isolated
651 _adairy products in dhaka city
700 _aAssico. Prof. Dr. Mahfuzul Islam
_eSuperviser
710 _eCo-Superviser
_aAssico. Prof. Md.Kamrul Hassan
942 _2ddc
_cTHESIS
999 _c18395
_d18394